000
00309nam a22001457a 4500
020
_a
978-0672315329
041
_a
ENG
100
_a
Peter Nortons
245
_a
Peter Inside The PC
250
_a
Elghth ED
260
_a
Delhi
_b
Techmedia
_c
1998
300
_a
816
650
_a
Computer
856
_u
Computer
999
_c
754
_d
754